Le parti communiste francais, la culture et les intellectuels
Guardat en:
| Autors principals: | , , , , |
|---|---|
| Format: | Llibre |
| Idioma: | francès |
| Publicat: |
París
Editions Sociales
1962
|
| Matèries: | |
| Etiquetes: |
Afegir etiqueta
Sense etiquetes, Sigues el primer a etiquetar aquest registre!
|
MARC
| LEADER | 00000nam a2200000 a 4500 | ||
|---|---|---|---|
| 001 | UCY8713 | ||
| 003 | CL-VaPUC | ||
| 008 | 950707e19620000FR |||||||||||||||||fre|d | ||
| 082 | 0 | 4 | |a 324.175 |b THO |2 21 |
| 100 | 0 | |a Thorez, Maurice |e author |9 340370 | |
| 700 | 0 | |a Rochet, Waldeck |e author |9 340371 | |
| 700 | 0 | |a Duclos, Jacques |e author |9 340372 | |
| 700 | 0 | |a Garaudy, Aragan |e author |9 340373 | |
| 700 | 0 | |a Cogniot, Georges |e author |9 340374 | |
| 245 | 1 | 3 | |a Le parti communiste francais, la culture et les intellectuels |
| 300 | |a 319 p | ||
| 942 | |c BK | ||
| 945 | |d 19950707 00:00:00 |a rbrito | ||
| 260 | |a París |b Editions Sociales |c 1962 | ||
| 650 | 0 | |a Comunismo |9 255588 | |
| 650 | 0 | |a Partido comunista |9 340375 | |
| 650 | 0 | |a Cultura |9 269059 | |
| 650 | 0 | |a Intelectuales |9 262027 | |
| 651 | 0 | |a Francia |9 255157 | |
| 583 | |a last modification |c 19950707 00:00:00 |k Rodrigo Vera | ||
| 999 | |c 235933 |d 235931 | ||
| 952 | |0 0 |1 0 |4 0 |6 324_175000000000000_THO_1962 |7 0 |8 A |9 243677 |a BIBHIS |b BIBHIS |d 2019-11-18 |i 3099083 |o 324.175 THO 1962 |p 3099083 |r 2025-01-20 |w 2019-11-18 |y BK |k HIS | ||